How to teach English

Na minha lista:
Detalhes bibliográficos
Autor principal:  Harmer, Jeremy
Formato: Sách
Idioma:Undetermined
Publicado em:  Pearson  2007
Assuntos:
Tags: Adicionar Tag
Sem tags, seja o primeiro a adicionar uma tag!
Thư viện lưu trữ: Trung tâm Thư viện - Trường Đại học Công nghiệp TP. Hồ Chí Minh
LEADER 00519nam a2200157Ia 4500
001 UIH_06050
008 231011s9999 xx 000 0 und d
082 |a  428.24 
100 |a  Harmer, Jeremy 
245 0 |a  How to teach English 
245 0 |c  Harmer, Jeremy 
260 |b  Pearson 
260 |c  2007 
650 |a  English language; Nghiên cứu và giảng dạy ngôn ngữ tiếng Anh;  
927 |a Sách 
980 |a Trung tâm Thư viện - Trường Đại học Công nghiệp TP. Hồ Chí Minh